Purposive communication in the 21st century / (Record no. 10670)

MARC details
000 -LEADER
fixed length control field 00677nam a22002057a 4500
003 - CONTROL NUMBER IDENTIFIER
control field URS
005 - DATE AND TIME OF LATEST TRANSACTION
control field 20220117150907.0
008 - FIXED-LENGTH DATA ELEMENTS--GENERAL INFORMATION
fixed length control field 200214b ||||| |||| 00| 0 eng d
020 ## - INTERNATIONAL STANDARD BOOK NUMBER
International Standard Book Number 9789719811015
040 ## - CATALOGING SOURCE
Original cataloging agency URS
Language of cataloging eng
Transcribing agency URS
Modifying agency URS
Description conventions rda
050 ## - LIBRARY OF CONGRESS CALL NUMBER
Classification number P90
Item number .B278 2018
100 ## - MAIN ENTRY--PERSONAL NAME
Personal name Barrot, Jessie S.
Relator term author
245 ## - TITLE STATEMENT
Title Purposive communication in the 21st century /
Statement of responsibility, etc. Jessie S. Barrot and Philippe John F. Sipacio.
260 ## - PUBLICATION, DISTRIBUTION, ETC.
Place of publication, distribution, etc. Quezon City :
Name of publisher, distributor, etc. C&E Publishing, Inc.,
Date of publication, distribution, etc. ©2018.
300 ## - PHYSICAL DESCRIPTION
Extent x, 483 pages :
Other physical details illustations ;
Dimensions 22 cm.
504 ## - BIBLIOGRAPHY, ETC. NOTE
Bibliography, etc. note Includes bibliography and index.
650 #0 - SUBJECT ADDED ENTRY--TOPICAL TERM
Topical term or geographic name entry element Communication.
700 ## - ADDED ENTRY--PERSONAL NAME
Personal name Sipacio, Philippe John S.
Relator term author
942 ## - ADDED ENTRY ELEMENTS (KOHA)
Source of classification or shelving scheme Library of Congress Classification
Koha item type Filipiniana
Holdings
Withdrawn status Source of classification or shelving scheme Damaged status Not for loan Collection code Home library Current library Shelving location Date acquired Source of acquisition Total Checkouts Full call number Barcode Date last seen Date last checked out Copy number Koha item type Price effective from
  Library of Congress Classification     Non-fiction Binangonan College Library Binangonan College Library Filipiniana Section 06/07/2023     Fil P90 B237 2018 URSBIN-3425 01/14/2021   1 Filipiniana 01/14/2021
  Library of Congress Classification     Non-fiction Cardona College LIbrary Cardona College LIbrary General Stacks 12/10/2021     P90 .B37 2018 URSCAR-2628 12/10/2021     Filipiniana 12/10/2021
  Library of Congress Classification       Tanay College Library Tanay College Library Reserve Section 06/09/2021     P 90.B37 2018 URSTAN-N2852 06/09/2021     Filipiniana 06/09/2021
  Library of Congress Classification     Non-fiction Taytay College Library Taytay College Library Filipiniana Section 02/14/2020 Donation 1 P90 .B278 2018 URSTAY-4617 06/02/2025 01/13/2025 1 Filipiniana  

University of Rizal System
Email us at univlibservices@urs.edu.ph

Visit our Website www.urs.edu.ph/library